Introducción a la filosofía del derecho. Derecho natural y justicia material
Saved in:
| Hovedforfatter: | |
|---|---|
| Andre forfattere: | |
| Format: | Bog |
| Sprog: | engelsk |
| Udgivet: |
Madrid, España:
Aguilar,
1971.
|
| Udgivelse: | Segunda edición. |
| Serier: | Biblioteca Jurídica.
|
| Fag: | |
| Tags: |
Tilføj Tag
Ingen Tags, Vær først til at tagge denne postø!
|
MARC
| LEADER | 00000nam a22000007a 4500 | ||
|---|---|---|---|
| 003 | CL-VaPUC | ||
| 005 | 20220822114427.0 | ||
| 008 | 220308t1971 ||||| |||| 00| 0 eng d | ||
| 999 | |c 434743 |d 434741 | ||
| 040 | |c Pontificia Universidad Católica de Valparaíso | ||
| 082 | 0 | 4 | |2 22 |a 340.112 WEL 1971 |
| 100 | 1 | |a Welzel, Hans |9 357390 |e autor | |
| 245 | 1 | 0 | |a Introducción a la filosofía del derecho. |b Derecho natural y justicia material |
| 250 | |a Segunda edición. | ||
| 260 | |a Madrid, España: |b Aguilar, |c 1971. | ||
| 300 | |a 274 páginas. | ||
| 490 | 0 | |a Biblioteca Jurídica. | |
| 500 | |a c.1 Donación Familia Prof. Alejandro Guzmán Brito. | ||
| 583 | |c 20220308 |k Yessy Stephany Diaz Vidal | ||
| 650 | 1 | |a Filosofía del derecho |x Derecho natural |9 869915 | |
| 650 | 1 | |a Filosofía del derecho |x Justicia material |9 869916 | |
| 650 | 1 | |a Derecho natural |x Historia del derecho |9 869917 | |
| 700 | |a González Vicen, Felipe |9 859415 |e traducción del alemán | ||
| 942 | |2 ddc |c BK |n 0 | ||
| 952 | |0 0 |1 0 |2 ddc |4 0 |6 340_112000000000000_WEL_1971 |7 0 |8 C_AGB |9 581743 |a BIBDER |b BIBDER |d 2022-03-08 |e Donación |i 5649862 |o 340.112 WEL 1971 |p 5649862 |r 2023-01-25 |t 1 |w 2022-03-08 |y BK_US |k AGB | ||